| 000 | 00987nam a2200253Ia 4500 | ||
|---|---|---|---|
| 003 | OSt | ||
| 005 | 20201007123855.0 | ||
| 008 | 191128s2010 ck a gr 000 0 spa d | ||
| 020 | _a9789586538282 | ||
| 040 |
_aCO-JMCR _cCO-JMCR |
||
| 041 | 0 | _aspa | |
| 082 | 0 | 4 |
_a657.61 / _bC718r _223 |
| 110 | 2 |
_aColombia. Contaduría General de la Nación _911313 |
|
| 245 | 1 | 0 |
_aRégimen de contabilidad pública / _cContaduría General de la Nación |
| 250 | _aSegunda edición | ||
| 260 |
_aBogotá : _bLegis, _c2010. |
||
| 300 |
_a663 páginas : _bilustraciones a blanco y negro ; _c25 cm. |
||
| 500 | _aIncluye índice alfabético-informativo | ||
| 505 | 0 | _aRégimen de contabilidad pública -- Ente regulador y responsable de la información contable pública -- Instrumentos de apoyo a la gestión financiera pública | |
| 650 | 2 | 4 |
_aHacienda pública _xContabilidad _911320 |
| 650 | 2 | 4 |
_aEmpresas estatales _zColombia _99394 |
| 650 | 2 | 4 |
_aContabilidad _zColombia _911321 |
| 942 |
_2ddc _cBK |
||
| 999 |
_c4562 _d4562 |
||